Automation of mining processes /

Hlavní autor: Burý, Alois, 1945-
Korporativní autor: Vysoká škola báňská - Technická univerzita Ostrava. Institut ekonomiky a systémů řízení
Další autoři: Kodym, Oldřich, 1960-, Kebo, Vladimír, 1957-
Jazyk: Angličtina
Vydáno: Ostrava : VŠB - Technical University of Ostrava, 2005
Vydání: 1st ed.
Témata:
Externí odkaz: Digitalizovaný dokument
Fyzický popis: 39 l. : il. (některé barev.) ; 30 cm
Knihy
Uloženo v:
LEADER 01873cam a2200457 a 4500
001 nkc20051532233
003 CZ PrNK
005 20051219091727.0
007 ta
008 050426s2005 xr a e p 000 0 eng
015 |a cnb001532233 
020 |a 80-248-0815-3  |q (brož.) 
035 |a (OCoLC)85152893 
040 |a BOA001  |b cze  |d ABA001 
072 7 |a 622  |x Hornictví  |2 Konspekt  |9 19 
072 7 |a 37.016  |x Učební osnovy. Vyučovací předměty. Učebnice  |2 Konspekt  |9 22 
080 |a 622  |2 MRF 
080 |a 681.5  |2 MRF 
080 |a (075.8)  |2 MRF 
100 1 |a Burý, Alois,  |d 1945-  |7 mzk2004224099  |4 aut 
245 1 0 |a Automation of mining processes /  |c Alois Burý, Oldřich Kodym, Vladimír Kebo 
250 |a 1st ed. 
260 |a Ostrava :  |b VŠB - Technical University of Ostrava,  |c 2005 
300 |a 39 l. :  |b il. (některé barev.) ;  |c 30 cm 
500 |a 30 výt. 
500 |a Nad názvem: VŠB - Technical University of Ostrava, Faculty of Mining and Geology, Institute of Economics and Control Systems 
650 0 7 |a hornictví  |7 ph114693  |2 czenas 
650 0 7 |a automatické řízení  |7 ph118694  |2 czenas 
650 0 9 |a mining  |2 eczenas 
650 0 9 |a automatic control  |2 eczenas 
655 7 |a učebnice vysokých škol  |7 fd133772  |2 czenas 
655 9 |a textbooks (higher)  |2 eczenas 
700 1 |a Kodym, Oldřich,  |d 1960-  |7 mzk2005312632  |4 aut 
700 1 |a Kebo, Vladimír,  |d 1957-  |7 mzk2005312631  |4 aut 
710 2 |a Vysoká škola báňská - Technická univerzita Ostrava.  |b Institut ekonomiky a systémů řízení  |7 kn20021209003 
856 4 1 |u http://www.digitalniknihovna.cz/mzk/uuid/uuid:bd0e1d80-e852-11e6-8010-005056827e51  |y Digitalizovaný dokument  |x NDK 
910 2 |a BOA001  |b 3-1159.688 
990 |a BK 
995 |a 01 
991 |b 200511  |c NOV 
996 6 |b 2610262486  |c 3-1159.688  |l MZK  |r Sklad / do 1 hodiny  |n 1  |p p.v.  |w 000795889  |u 000010  |a 1  |e BOA001  |j MZK50  |s P